000 00482cam a2200205 4500
001 B2458
008 090401t1989 xxu||||| |||| 00| 0 eng d
035 _a(Sirsi) u50106
041 _aeng
050 _a711.552
110 _aEdward Erdman
_92048
245 _aTraffic-free shopping
260 _aLondon
_bEdward Erdman
_c1989
300 _a(3)p. ; 30cm.
350 _a22.5
650 _aPEDESTRIANISATION
650 _aSHOPPING CENTRES
942 _n0
948 _c04/03/1997
999 _c92664
_d92664